000
00288nam a2200133Ia 4500
008
231129s1970||||xx |||||||||||||| ||spa||
040
_b
spa
082
_a
515.4 K89e
100
_a
Krasnov M. L.
245
0
_a
Ecuaciones integrales
260
_c
1970
264
_a
Mir
942
_2
ddc
_c
BKS
999
_c
9940
_d
9940